Power management in India (Record no. 353441)

000 -LEADER
fixed length control field 00414cam a22001337a 4500
008 - FIXED-LENGTH DATA ELEMENTS--GENERAL INFORMATION
fixed length control field 180718b1987 xxu||||| |||| 00| 0 eng d
082 ## - DEWEY DECIMAL CLASSIFICATION NUMBER
Classification number Y26x54 Sa19
100 ## - MAIN ENTRY--PERSONAL NAME
Personal name Sah, A.K.
245 ## - TITLE STATEMENT
Title Power management in India
Statement of responsibility, etc. by A.K. Sah
260 ## - PUBLICATION, DISTRIBUTION, ETC.
Place of publication, distribution, etc. Delhi
Name of publisher, distributor, etc. Standing Conference of Public Enterprises
Date of publication, distribution, etc. 1987
300 ## - PHYSICAL DESCRIPTION
Extent 142p.
650 ## - SUBJECT ADDED ENTRY--TOPICAL TERM
Topical term or geographic name entry element Power-plants --India --Management
650 ## - SUBJECT ADDED ENTRY--TOPICAL TERM
Topical term or geographic name entry element Power resources --India --Management
Holdings
Withdrawn status Lost status Damaged status Not for loan Permanent Location Current Location Date acquired Full call number Barcode Date last seen Price effective from Koha item type
        Indian Institute of Public Administration Indian Institute of Public Administration 1993-12-02 Y26x54 Sa19 63548 2018-07-21 2018-07-21 Book

Powered by Koha